Southville International School and Colleges
Your cart is empty.
  • Cart
  • Lists
    Public lists Eva Luna New books Lux_list list_1
    Your lists Log in to create your own lists
  • Log in to your account
  • Your cookies
  • Search history
Southville International School and Colleges
  • Advanced search
  • Recent comments
  • Most popular
  • Libraries

Log in to your account

Log in with GOOGLE


If you do not have an external account, but do have a local account, you can still log in:

  1. Home
  2. MARC view: Business ethics : ethical decision making and cases :
Normal view MARC view ISBD view

Business ethics : ethical decision making and cases : (Record no. 25302)

[ view plain ]
MARC details
000 -LEADER
fixed length control field 00725nam a2200229 a 4500
005 - DATE AND TIME OF LATEST TRANSACTION
control field 20140310183614.0
008 - FIXED-LENGTH DATA ELEMENTS--GENERAL INFORMATION
fixed length control field 120830s19uu xx 00 eng d
020 ## - INTERNATIONAL STANDARD BOOK NUMBER
International Standard Book Number 9781439042816
050 ## - LIBRARY OF CONGRESS CALL NUMBER
Classification number HF 5387
Item number .F45 2010
100 ## - MAIN ENTRY--PERSONAL NAME
Personal name Ferrell, O. C.
245 ## - TITLE STATEMENT
Title Business ethics : ethical decision making and cases :
Remainder of title 2009 update /
Statement of responsibility, etc O. C. Ferrell, John Fraedrich, Linda Ferrell.
250 ## - EDITION STATEMENT
Edition statement 7th ed.
260 ## - PUBLICATION, DISTRIBUTION, ETC. (IMPRINT)
Place of publication, distribution, etc Mason, OH :
Name of publisher, distributor, etc South-Western Cengage Learning,
Date of publication, distribution, etc 2010.
300 ## - PHYSICAL DESCRIPTION
Extent xxxviii, 514 p. :
Other physical details col. ill. ;
Dimensions 24 cm.
500 ## - GENERAL NOTE
General note Includes index
521 ## - TARGET AUDIENCE NOTE
Target audience note
650 ## - SUBJECT ADDED ENTRY--TOPICAL TERM
Topical term or geographic name as entry element Business ethics
General subdivision Case studies
700 ## - ADDED ENTRY--PERSONAL NAME
Personal name Fraedrich, John
700 ## - ADDED ENTRY--PERSONAL NAME
Personal name Ferrell, Linda
942 ## - ADDED ENTRY ELEMENTS (KOHA)
Koha item type Books
Source of classification or shelving scheme Library of Congress Classification
Call number prefix Foreign
Holdings
Withdrawn status Lost status Source of classification or shelving scheme Damaged status Home library Current library Shelving location Date acquired Source of acquisition Total Checkouts Total Renewals Full call number Barcode Date last seen Date checked out Copy number Price effective from Koha item type
    Library of Congress Classification   College Library College Library General Circulation Section 08/30/2012 Donation 2 6 HF 5387 .F45 2010 C15316 05/15/2018 10/14/2016 1 10/18/2013 Books

Business ethics : ethical decision making and cases :

APA

Ferrell O. C., Fraedrich J. & Ferrell L. (2010). Business ethics : ethical decision making and cases. Mason, OH: South-Western Cengage Learning.

Chicago

Ferrell O C, Fraedrich John and Ferrell Linda. 2010. Business ethics : ethical decision making and cases. Mason, OH: South-Western Cengage Learning.

Harvard

Ferrell O. C., Fraedrich J. and Ferrell L. (2010). Business ethics : ethical decision making and cases. Mason, OH: South-Western Cengage Learning.

MLA

Ferrell O C, Fraedrich John and Ferrell Linda. Business ethics : ethical decision making and cases. Mason, OH: South-Western Cengage Learning. 2010.

  • Place hold
  • Print
  • Cite
  • Add to your cart (remove)
  • Save record
    BIBTEX Dublin Core MARCXML MARC (non-Unicode/MARC-8) MARC (Unicode/UTF-8) MARC (Unicode/UTF-8, Standard) MODS (XML) RIS
  • More searches
    Search for this title in:
    Other Libraries (WorldCat) Other Databases (Google Scholar) Online Stores (Bookfinder.com) Open Library (openlibrary.org)

Exporting to Dublin Core...

SOUTHVILLE LIBRARY

Southville International School and Colleges Library

1281 Tropical Ave. Cor. Luxembourg St., BF Homes International, Las Pinas City

Tel. No. 8256374 / 252358 Loc. 117/146

Powered by Koha